000 00416nam a22001697a 4500
005 20160630125431.0
008 160630b xxu||||| |||| 00| 0 eng d
020 _a81-88458-88-0
041 _aeng
082 _b14151
100 _aSikka, V B
_93296
245 _aA Course in civil engineering drawing
260 _bS.K. Kataria & Sons
_c2012
300 _a545
650 _aDiploma Engineering
_9817
942 _cBK
999 _c4931
_d4929